Catálogo
 En Linea

El Greco / (Registro nro. 44808)

Detalles MARC
000 -CABECERA
campo de control de longitud fija 00568nam a2200193 a 4500
001 - NÚMERO DE CONTROL
campo de control 000045319
005 - FECHA Y HORA DE LA ÚLTIMA TRANSACCIÓN
campo de control 20201002050047.0
008 - DATOS DE LONGITUD FIJA--INFORMACIÓN GENERAL
campo de control de longitud fija 101217s1994 sp f 000 0 spa d
020 ## - NÚMERO INTERNACIONAL ESTÁNDAR DEL LIBRO
Número Internacional Estándar del Libro 8420646490
040 ## - FUENTE DE LA CATALOGACIÓN
Centro catalogador/agencia de origen DO-SdBNP
Lengua de catalogación spa
Centro/agencia transcriptor BNPHU
082 ## - NÚMERO DE LA CLASIFICACIÓN DECIMAL DEWEY
Número de clasificación xxxxx
Número de documento/Ítem xxxxx
100 1# - ENTRADA PRINCIPAL--NOMBRE DE PERSONA
Nombre de persona Calvo Serraller, Francisco
9 (RLIN) 73341
245 10 - MENCIÓN DE TÍTULO
Título El Greco /
Mención de responsabilidad, etc. Francisco Calvo Serraller.
260 ## - PUBLICACIÓN, DISTRIBUCIÓN, ETC.
Lugar de publicación, distribución, etc. Madrid :
Nombre del editor, distribuidor, etc. Alianza,
-- Grupo Anaya,
Fecha de publicación, distribución, etc. 1994.
300 ## - DESCRIPCIÓN FÍSICA
Extensión viii, 63 p. :
Otras características físicas lam. ;
Dimensiones 15 cm.
490 1# - MENCIÓN DE SERIE
Mención de serie Alianza Cien
Designación de volumen o secuencia 49
500 ## - NOTA GENERAL
Nota general Libro de bolsillo
830 #0 - PUNTO DE ACCESO ADICIONAL DE SERIE-TÍTULO UNIFORME
Título uniforme Alianza Cien ;
Designación de volumen o secuencia 49
9 (RLIN) 12832
Existencias
Estado de retiro Estado de pérdida Restricciones de uso No para préstamo Código de colección Localización permanente Ubicación/localización actual Ubicación en estantería Fecha de adquisición Número de inventario Total de préstamos Signatura topográfica completa Código de barras Fecha visto por última vez Precio válido a partir de Tipo de ítem Koha
      Excluido de préstamo Monografías: Libros y Folletos General General En catalogación 02.03.2015 LF1   xxxxx xxxxx 45319-10 25.06.2020 25.06.2020 No se presta

Con tecnología Koha